000 00493nam a2200157 i 4500
001 41727
003 ES-MaACL
007 t|
008 030311s1974 ag ||||1| spa d
100 1 _aCastagnino, Raul H.
_936379
245 1 0 _a¿Qué es la literatura?
_b: la abstracción "literatura" : naturaleza y funciones de lo literario /
_cRaul H. Castagnino.
250 _a7ª ed.
260 _aBuenos Aires :
_bNova,
_c[1974]
300 _a203 p. ;
_c20 cm.
852 _aES-MaACL
_jE-8754
_bR.93186
999 _c41727
_d41727